A study in rural change in Assam: Dispur; (Record no. 84764)

MARC details
000 -LEADER
fixed length control field 00980cam a2200265 4500
001 - CONTROL NUMBER
control field sa 68012791
003 - CONTROL NUMBER IDENTIFIER
control field DLC
005 - DATE AND TIME OF LATEST TRANSACTION
control field 20260227112615.0
008 - FIXED-LENGTH DATA ELEMENTS--GENERAL INFORMATION
fixed length control field 691028s1967 ii ab 00000 eng
010 ## - LIBRARY OF CONGRESS CONTROL NUMBER
LC control number sa 68012791 //r892
025 ## - OVERSEAS ACQUISITION NUMBER
Overseas acquisition number PL480:I-E-9515
050 0# - LIBRARY OF CONGRESS CALL NUMBER
Classification number HN690.A8
Item number G65
082 ## - DEWEY DECIMAL CLASSIFICATION NUMBER
Classification number 309.1/54/162
100 10 - MAIN ENTRY--PERSONAL NAME
Personal name Goswami, P. C.
Fuller form of name (Prabhas Chandra),
Dates associated with a name 1926-
245 12 - TITLE STATEMENT
Title A study in rural change in Assam: Dispur;
Remainder of title a report on socio-economic resurvey of a village in Kamrup District.
260 0# - PUBLICATION, DISTRIBUTION, ETC.
Place of publication, distribution, etc. Jorhat,
Name of publisher, distributor, etc. Agro-Economic Research Centre for North East India,
Date of publication, distribution, etc. 1967.
300 ## - PHYSICAL DESCRIPTION
Extent viii, 165 p.
Other physical details illus., map.
Dimensions 25 cm.
350 ## - PRICE (NR) (BK AM CF MU VM SE) [OBSOLETE]
Price 8.00
440 #0 - SERIES STATEMENT/ADDED ENTRY--TITLE
Title Studies in rural change--Assam series
500 ## - GENERAL NOTE
General note Cover title: Dispur; a study in rural change in Assam.
650 #0 - SUBJECT ADDED ENTRY--TOPICAL TERM
Topical term or geographic name entry element Villages
Geographic subdivision India
-- Assam
General subdivision Case studies.
651 #0 - SUBJECT ADDED ENTRY--GEOGRAPHIC NAME
Geographic name Dispur
General subdivision Economic conditions.
651 #0 - SUBJECT ADDED ENTRY--GEOGRAPHIC NAME
Geographic name Dispur
General subdivision Social conditions.
710 20 - ADDED ENTRY--CORPORATE NAME
Corporate name or jurisdiction name as entry element Agro-Economic Research Centre for North East India.

No items available.

Powered by Koha